a partra verses elbeszélés, I. rész /
Elmentve itt :
| Szerző: | |
|---|---|
| Dokumentumtípus: | Cikk |
| Megjelent: |
2017
|
| Sorozat: | Tiszatáj
71 No. 7-8 |
| Kulcsszavak: | Magyar irodalom - vers |
| Online Access: | http://tiszataj.bibl.u-szeged.hu/24296 |
| LEADER | 00596nab a2200181 i 4500 | ||
|---|---|---|---|
| 001 | tisza24296 | ||
| 005 | 20200331100324.0 | ||
| 008 | 180202s2017 hu o 0|| hun d | ||
| 022 | |a 0133-1167 | ||
| 040 | |a SZTE Tiszatáj Archívum |b hun | ||
| 041 | |a hun | ||
| 100 | 1 | |a Janáky Marianna | |
| 245 | 1 | 2 | |a a partra |h [elektronikus dokumentum] : |b verses elbeszélés, I. rész / |c Janáky Marianna |
| 260 | |c 2017 | ||
| 300 | |a 51-59 | ||
| 490 | 0 | |a Tiszatáj |v 71 No. 7-8 | |
| 695 | |a Magyar irodalom - vers | ||
| 856 | 4 | 0 | |u http://tiszataj.bibl.u-szeged.hu/24296/1/tiszataj_2017_007_008_051-059.pdf |z Dokumentum-elérés |